000 00581naa a2200217 i 4500
001 11673
003 ES-MaBCM
005 20241016091604.0
008 901023s1991 esp 000 0 ita d
021 _axx
035 _a(OCoLC)1365132680
040 _cES-MaBCM
041 0 _aita
043 _aesp
100 1 _aD'Agostino, Francesco
_911579
245 1 0 _aDalla bioetica alla biogiuridica
_cFrancesco d'Agostino
650 7 _aBioética
_957756
773 0 _aEn:
_tPersona y derecho
_dPamplona : 1991
_w104488
_gnº 24 ; p. 9-22
942 _cAREV
999 _c11673
_d11673
655 _9115395
_aHomenaje